Derecho internacional público

Kaydedildi:
Detaylı Bibliyografya
Yazar: Rousseau, Charles (Yazar)
Materyal Türü: Kitap
Dil:İspanyolca
Baskı/Yayın Bilgisi: Barcelona Ariel 1957
Konular:
Etiketler: Etiketle
Etiket eklenmemiş, İlk siz ekleyin!

MARC

LEADER 00000nam a2200000 a 4500
001 UCY0914
003 CL-VaPUC
008 940817e19570000SP |||||||||||||||||spa|d
082 0 4 |a 341  |b ROU  |2 21 
100 0 |a Rousseau, Charles  |e author  |9 328760 
245 1 0 |a Derecho internacional público 
300 |a 697 p 
942 |c BK 
945 |d 19940817 00:00:00  |a aalvarez 
260 |a Barcelona  |b Ariel  |c 1957 
650 7 |a DERECHO INTERNACIONAL PUBLICO  |2 CL-VaPUC  |9 328761 
583 |a last modification  |c 19940817 00:00:00  |k Rodrigo Vera 
999 |c 229788  |d 229786 
952 |0 0  |1 0  |4 0  |6 341_000000000000000_ROU_1957  |7 0  |8 A  |9 231376  |a BIBDER  |b BIBDER  |d 2019-11-15  |i 301021K  |l 2  |o 341 ROU 1957  |p 301021K  |r 2023-01-25  |s 2022-05-03  |w 2019-11-15  |y BK  |k DER